Bangkok climate news update : Third World Network

Bibliographic Details
Format: Book
Published: Penang : Third World Network , 2011
Subjects:

MARC

LEADER 00000cam a2200000 7i4500
001 0000003886
005 20110817.0
020 0 0 |a 9789675412530 
090 0 0 |a 551.6   |b THAI 2011 
245 1 0 |a Bangkok climate news update :   |b Third World Network 
260 0 0 |a Penang :   |b Third World Network ,   |c 2011 
300 |a 35 p. ;   |c 30 cm. 
650 0 0 |a Climatic changes   |x Environmental aspects 
650 0 0 |a Thailand 
998 |a JPSM 
999 |a 007676   |b Monograph   |c Open Shelf   |e Default branch